| 000 | 00829nam a2200217 4500 | ||
|---|---|---|---|
| 001 | 113044 | ||
| 003 | ES-MaACL | ||
| 005 | 20250807071712.0 | ||
| 007 | t| | ||
| 008 | 061121s1906 fr |||| | spa d | ||
| 080 | _a177.6 | ||
| 100 | 1 |
_aNúñez, Ferrán. _986151 |
|
| 245 | 1 | 0 |
_aTractado de amiçiçia / _cFerrán Núñez ; [prólogo de A. Bonilla y San y San Martín]. |
| 260 |
_aNew York ; _aParis : _b[s.n.], _c1906 ( _eMacon : _fProtat Frères, Imp.) |
||
| 300 |
_a40 p. ; _c25 cm. |
||
| 595 | _aEs tirada aparte de la "Revue Hispanique", v. XIV. | ||
| 650 | 0 | 7 |
_aAmistad _2embne _99752 |
| 700 | 1 |
_aBonilla y San Martín, Adolfo, _d1875-1926 _930193 |
|
| 852 |
_aES-MaACL _jT-1123-F-1 _z. - Dedicatoria autógrafa de Adolfo Bonilla y San Martín _z. - Enc. en vol. facticio; con otras obras |
||
| 999 |
_c113044 _d113044 |
||